书目信息 |
| 题名: |
园丁与木匠
|
|
| 作者: | 高普尼克 著 ;刘家杰 , 赵昱鲲 译 | |
| 分册: | ||
| 出版信息: | 杭州 浙江人民出版社 2019.07 |
|
| 页数: | 267页 | |
| 开本: | 23cm | |
| 丛书名: | ||
| 单 册: | ||
| 中图分类: | G612 | |
| 科图分类: | ||
| 主题词: | 学前教育--教学研究 | |
| 电子资源: | ||
| ISBN: | 978-7-213-09330-2 | |
| 000 | 01363nam0 2200289 450 | |
| 001 | 0103152652 | |
| 005 | 20201103152731.0 | |
| 010 | @a978-7-213-09330-2@dCNY69.90 | |
| 100 | @a20190829d2019 em y0chiy50 ea | |
| 101 | 1 | @achi@ceng |
| 102 | @aCN@b330000 | |
| 105 | @aa z 000yy | |
| 106 | @ar | |
| 200 | 1 | @a园丁与木匠@Ayuan ding yu mu jiang@dThe gardener and the carpenter@ewhat the new science of child development tells us about the relationship between parents and children@f(美)艾莉森·高普尼克(Alison Gopnik)著@g刘家杰,赵昱鲲译@zeng |
| 210 | @a杭州@c浙江人民出版社@d2019.07 | |
| 215 | @a267页@c图, 照片@d23cm | |
| 305 | @a由作者授权出版 | |
| 306 | @a本书限中国大陆发行 | |
| 330 | @a本书作者重点讨论了两种悖论——爱的悖论和学习的悖论,认为关于养育,我们以往的一些认识是有误的。虽然照顾孩子是极其重要的,但这并不是一个塑造他们的特定方式。“养育”不是教会孩子如何“学习”,而是关注如何让孩子在一个安全有爱的环境中成长。 | |
| 510 | 1 | @aGardener and the carpenter@ewhat the new science of child development tells us about the relationship between parents and children@zeng |
| 606 | 0 | @a学前教育@x教学研究 |
| 690 | @aG612@v5 | |
| 701 | 0 | @c(美)@a高普尼克@Agao pu ni ke@c(女,Gopnik, Alison)@4著 |
| 702 | 0 | @a刘家杰@Aliu jia jie@4译 |
| 702 | 0 | @a赵昱鲲@Azhao yu kun@4译 |
| 801 | 0 | @aCN@bBJSZM@c20201103 |
| 905 | @b1256711-5@dG612@e1069@f5 | |
| 园丁与木匠=The gardener and the carpenter:what the new science of child development tells us about the relationship between parents and children/(美)艾莉森·高普尼克(Alison Gopnik)著/刘家杰,赵昱鲲译.-杭州:浙江人民出版社,2019.07 |
| 267页:图, 照片;23cm |
| ISBN 978-7-213-09330-2:CNY69.90 |
| 本书作者重点讨论了两种悖论——爱的悖论和学习的悖论,认为关于养育,我们以往的一些认识是有误的。虽然照顾孩子是极其重要的,但这并不是一个塑造他们的特定方式。“养育”不是教会孩子如何“学习”,而是关注如何让孩子在一个安全有爱的环境中成长。 |
| ● |
| 相关链接 |
|
|
|
|
正题名:园丁与木匠
索取号:G612/1069
 
预约/预借
| 序号 | 登录号 | 条形码 | 馆藏地/架位号 | 状态 | 备注 |
| 1 | 1256711 | 212567113 | 第一样本阅览室/ [索取号:G612/1069] | 在馆 | |
| 2 | 1256712 | 212567122 | 教育系资料室/ [索取号:G612/1069] | 在馆 | |
| 3 | 1256713 | 212567131 | 教育系资料室/ [索取号:G612/1069] | 在馆 | |
| 4 | 1256714 | 212567140 | 第四借阅区/ [索取号:G612/1069] | 在馆 | |
| 5 | 1256715 | 212567159 | 第四借阅区/ [索取号:G612/1069] | 在馆 |